书目信息 |
| 题名: |
外墙外保温技术百问
|
|
| 作者: | 黄振利 主编 ;建设部 , 北京振利高新技术有限公司 编 | |
| 分册: | ||
| 出版信息: | 北京 中国建筑工业出版社 2007.03 |
|
| 页数: | 37, 379页 | |
| 开本: | 21cm | |
| 丛书名: | 工程建设百问丛书 | |
| 单 册: | ||
| 中图分类: | TU111.4-44 | |
| 科图分类: | ||
| 主题词: | 建筑物--jian zhu wu--墙--保温--技术--问答 | |
| 电子资源: | ||
| ISBN: | 978-7-112-09137-9 | |
| 000 | 01318nam 2200301 450 | |
| 001 | 012007497454 | |
| 005 | 20071010152817.50 | |
| 010 | @a978-7-112-09137-9@dCNY26.00 | |
| 100 | @a20070731d2007 km y0chiy0120 ea | |
| 101 | 0 | @achi |
| 102 | @aCN@b110000 | |
| 105 | @aa a 000yy | |
| 200 | 1 | @a外墙外保温技术百问@Awai qiang wai bao wen ji shu bai wen@f建设部科技发展促进中心, 北京振利高新技术有限公司@Fjian she bu ke ji fa zhan cu jin zhong xin,bei jing zhen li gao xin ji shu you xian gong si |
| 205 | @a第2版 | |
| 210 | @a北京@c中国建筑工业出版社@d2007.03 | |
| 215 | @a37, 379页@c图@d21cm | |
| 225 | 2 | @a工程建设百问丛书@Agong cheng jian she bai wen cong shu |
| 314 | @a责任者取自书中。 | |
| 320 | @a有书目 (第378-379页)。 | |
| 330 | @a本书分为六章,全面反映了外墙外保温技术研究的前沿,满足建筑外墙保温隔热的需要。包括:建筑节能基本知识,建筑节能技术理念,外墙外保温技术,其他保温技术,建筑节能检测技术,建筑节能技术的发展趋势。 | |
| 410 | 0 | @12001 @a工程建设百问丛书 |
| 606 | 0 | @a建筑物@Ajian zhu wu@x墙@x保温@x技术@j问答 |
| 690 | @aTU111.4-44@v4 | |
| 701 | 0 | @a黄振利@Ahuang zhen li@4主编 |
| 712 | 02 | @a建设部@Ajian she bu@b科技发展促进中心@4编 |
| 712 | 02 | @a北京振利高新技术有限公司@Abei jing zhen li gao xin ji shu you xian gong si@4编 |
| 801 | 0 | @aCN@c20071010 |
| 905 | @dTU111.4-44@eH923 | |
| 外墙外保温技术百问/建设部科技发展促进中心, 北京振利高新技术有限公司.-第2版.-北京:中国建筑工业出版社,2007.03 |
| 37, 379页:图;21cm.-(工程建设百问丛书) |
| ISBN 978-7-112-09137-9:CNY26.00 |
| 本书分为六章,全面反映了外墙外保温技术研究的前沿,满足建筑外墙保温隔热的需要。包括:建筑节能基本知识,建筑节能技术理念,外墙外保温技术,其他保温技术,建筑节能检测技术,建筑节能技术的发展趋势。 |
| ● |
| 相关链接 |
|
|
|
正题名:外墙外保温技术百问
索取号:TU111.4-44/H923
 
预约/预借
| 序号 | 登录号 | 条形码 | 馆藏地/架位号 | 状态 | 备注 |
| 1 | 252645 | 202526454 | 建筑库101/101建筑库 25排1列2层/ [索取号:TU111.4-44/H923] | 在馆 | |
| 2 | 252646 | 202526463 | 建筑库101/101建筑库 24排2列2层/ [索取号:TU111.4-44/H923] | 在馆 | |
| 3 | 252647 | 202526472 | 建筑库101/101建筑库 25排1列2层/ [索取号:TU111.4-44/H923] | 在馆 |